000 00927nam a22002537a 4500
003 OSt
005 20260406161305.0
008 260406b |||||||| |||| 00| 0 eng d
020 _a9780716626268
040 _cHS LRC
050 _aE 98
_b.Ob999 2016
100 _aO'Brien, Cynthia
_9131590
245 _aMyths and legends of North America :
_bCanada and Northern United States /
_cCynthia O'Brien
260 _aChicago, Illinois :
_bWorld Book,
_cc2016.
265 _aPES
300 _a64 pages :
_bcolor illustrations ;
_c26 cm.
365 _b1,667.00
440 _aFamous Myths and Legends of the World
_924871
504 _aIncludes glossary, references and index.
650 _aIndian mythology
_xNorth America
_yJuvenile literature
_9131591
650 _aIndians of North America
_xReligion
_yJuvenile literature
_9131592
650 _aIndians of North America
_xFolklore
_yJuvenile literature
_9131593
942 _2lcc
_cBK
999 _c94065
_d94065